South Eastern Kenya University

Library Online Public Access Catalogue


Math & dosage calculations for healthcare professionals / (Record no. 7813)

MARC details
000 -LEADER
fixed length control field 00825cam a22002294a 4500
020 ## - ISBN
International Standard Book Number 9780073374697 (alk. paper)
020 ## - ISBN
International Standard Book Number 0073374695 (alk. paper)
050 00 - LIBRARY OF CONGRESS CALL NUMBER
Classification Number RS57
Item Number .H33 2012
245 00 - TITLE
Title Math & dosage calculations for healthcare professionals /
Statement of responsibility, etc Kathryn A. Booth ... [et al.].
250 ## - EDITIONSTATEMENT
Edition statement 4th ed.
260 ## - PUBLICATION, DISTRIBUTION, ETC.(IMPRINT)
Place of publication, distribution, etc New York :
Name of publisher, distributor, etc McGraw Hill,
Date of publication, distribution, etc c2012.
300 ## - PHYSICAL DESCRIPTION
Extent xxix, 583, [104] p. :
500 ## - GENERALNOTE
General note Includes index.
500 ## - GENERALNOTE
General note Rev. ed. of: Math and dosage calculations for health care / Kathryn A. Booth, James E. Whaley. 3rd ed. c2010.
650 #0 - SUBJECT--TOPIC
Form subdivision Problems, exercises, etc.
650 12 - SUBJECT--TOPIC
Form subdivision Problems and Exercises.
650 12 - SUBJECT--TOPIC
General subdivision administration & dosage
Form subdivision Problems and Exercises.
650 22 - SUBJECT--TOPIC
Form subdivision Problems and Exercises.
700 1# - ADDED ENTRY--PERSONAL AUTHOR
Personal Name Booth, Kathryn A.,
700 1# - ADDED ENTRY--PERSONAL AUTHOR
Personal Name Booth, Kathryn A.,
942 ## - ADDED ENTRY ELEMENTS(KOHA)
Source of classification or shelving scheme Library of Congress Classification
Koha item type General circulation
Holdings
Source of classification or shelving scheme Not for loan Location (home branch) Sublocation (holding branch) Shelving location Date accessioned Full call number Barcode Koha item type Public note
Library of Congress Classification   Main Campus Library Main Campus Library   30/07/2015 RS57 .H33 2012 2015/005438 General circulation amm
Kitui, Kenya.
+254736116989
library@seku.ac.ke